00285nam a22000857a 4500008004100000082001600041245007300057260005700130300001200187230703b xxu||||| |||| 00| 0 eng d a346.6bJUM. aInnovation and SovereigntybThe Patent Debate in African Development aNairobibAfrican Centre for Technology Studiesc1980 aIX,252p